=LDR 00000nam 2200000 4500 =001 NUTBA000000000003836 =005 20140827141128.0 =006 =007 =008 =020 ##$$a 978-979-053-126-0 =035 ##$$a 0010-081400000000681 =040 ##$$a NBPDMAT =082 ##$$a 551.5 =084 ##$$a 551.5 Sup a =090 ##$$a 551.5 Sup a =100 ##$$a Suparti =245 ##$$a Atmosfer dan Pengaruhnya Terhadap Kehidupan / $c Suparti; editor, Sulistiono =260 ##$$a Jakarta : $b PAmularsih, $c 2010 =300 ##$$a iv, 60 hlm. : $b ilus. ; $c 21 cm. =500 ##$$a Bibliografi : hlm. 60 =650 ##$$a ATMOSFER =990 ##$$a 21408347 =990 ##$$a 0001/BPAP-NTB/20142014 =990 ##$$a 0001/BPAP-NTB/20142014 =990 ##$$a 0001/BPAP-NTB/20142014 =990 ##$$a 0001/BPAP-NTB/20142014 =990 ##$$a 0001/BPAP-NTB/20142014